000 00694nab a2200205 a 4500
005 20210219155456.0
008 991125s1985 mx 000 0 spa u
035 _aUPN01000145897
100 1 _aAcevedo Alvarez, Raziel
222 _aEDUCACION :
_bREVISTA DE LA UNIVERSIDAD DE COSTA RICA
245 _aLa percepción de los estudiantes universitarios en la medida de la competencia docente : validación de una escuela
300 _a145-166
362 0 _a2004 Vol. 28, no. 2
653 0 _aCOMPETENCIA DOCENTE
653 0 _aPRACTICA DOCENTE
653 0 _aEDUCACION SUPERIOR
653 0 _aEVALUACION EDUCATIVA
700 0 _aFernández Díaz, María José,
_ecoaut.
905 _aArticulo
999 _c118043
_d118043